Online Catalogue and eLibrary

The post-colonial critic : (Record no. 2146)

MARC details
000 -LEADER
fixed length control field 00251nam a2200097Ia 4500
008 - FIXED-LENGTH DATA ELEMENTS--GENERAL INFORMATION
fixed length control field 240331s9999 xx 000 0 und d
082 ## - DDC Classification
Item Number - Author Mark SPI
100 ## - MAIN ENTRY--PERSONAL NAME
Personal name Spivak , G.C
245 #4 - TITLE STATEMENT
Title The post-colonial critic :
Remainder of title interviews, strategies, dialogues
942 ## - Koha item type (Biblio)
Koha item type Books in Stacks (Lending)

No items available.

© WERC Library